[Event "Sinquefield Cup 2019"]
[Site "Saint Louis USA"]
[Date "2019.08.19"]
[Round "3"]
[White "Ding, Liren"]
[Black "Vachier-Lagrave, Maxime"]
[Result "1/2-1/2"]
[WhiteElo "2805"]
[BlackElo "2778"]
[PlyCount "99"]
[EventDate "2019.08.17"]

1. d4 Nf6 2. c4 g6 3. Nc3 d5 4. cxd5 Nxd5 5. Bd2 Bg7 6. e4 Nb6 7. Be3 O-O 8.
Be2 Nc6 9. Nf3 Bg4 10. d5 Na5 11. Bd4 Bxf3 12. gxf3 Qd6 13. Bxg7 Kxg7 14. Qd2
Qf6 15. h4 Nac4 16. Qc1 c6 17. h5 Kg8 18. a4 a5 19. dxc6 bxc6 20. Nd1 Nd6 21.
Ne3 Qd4 22. Ng4 f5 23. Nh6+ Kg7 24. hxg6 hxg6 25. Nxf5+ Nxf5 26. exf5 Rxf5 27.
Qh6+ Kf6 28. Rd1 Qf4 29. Qh4+ Qxh4 30. Rxh4 Nd5 31. Rc4 Nb4 32. f4 g5 33. fxg5+
Rxg5 34. Bf3 Rg1+ 35. Ke2 Rxd1 36. Kxd1 Ra6 37. Kd2 Ke5 38. Re4+ Kd6 39. Rd4+
Nd5 40. Rh4 Ra8 41. Rh6+ Kc5 42. Re6 Rf8 43. Bxd5 Rxf2+ 44. Kc3 cxd5 45. Rxe7
d4+ 46. Kd3 Rf3+ 47. Kc2 Rf2+ 48. Kd3 Rf3+ 49. Kc2 Rf2+ 50. Kd3 1/2-1/2

[Event "Sinquefield Cup 2019"]
[Site "Saint Louis USA"]
[Date "2019.08.19"]
[Round "3"]
[White "So, Wesley"]
[Black "Giri, Anish"]
[Result "1/2-1/2"]
[WhiteElo "2776"]
[BlackElo "2779"]
[PlyCount "74"]
[EventDate "2019.08.17"]

1. d4 Nf6 2. c4 e6 3. Nf3 d5 4. g3 Be7 5. Bg2 O-O 6. O-O dxc4 7. Qc2 a6 8. a4
Bd7 9. Qxc4 Bc6 10. Bg5 Nbd7 11. Nc3 h6 12. Bxf6 Nxf6 13. b4 Bd5 14. Nxd5 exd5
15. Qb3 c6 16. e3 Bd6 17. Rab1 Qe7 18. Rfd1 g6 19. Ne1 Kg7 20. b5 axb5 21. axb5
Qd7 22. Nd3 Rfc8 23. bxc6 bxc6 24. Qc2 Ra6 25. Rdc1 Qa7 26. Bf3 Rb8 27. Rxb8
Qxb8 28. Kg2 h5 29. Nc5 Bxc5 30. Qxc5 Qb2 31. Qc3 Qb8 32. h4 Qb7 33. Rc2 Rb6
34. Qc5 Ra6 35. Qc3 Rb6 36. Qc5 Ra6 37. Qc3 Rb6 1/2-1/2

[Event "Sinquefield Cup 2019"]
[Site "Saint Louis USA"]
[Date "2019.08.19"]
[Round "3"]
[White "Nakamura, Hikaru"]
[Black "Karjakin, Sergey"]
[Result "1/2-1/2"]
[WhiteElo "2743"]
[BlackElo "2750"]
[PlyCount "208"]
[EventDate "2019.08.17"]

1. d4 Nf6 2. c4 e6 3. Nf3 d5 4. g3 Bb4+ 5. Bd2 Be7 6. Bg2 O-O 7. O-O Nbd7 8. a4
a5 9. Qc2 c6 10. Na3 Ne4 11. Bf4 g5 12. Be3 f5 13. Rad1 Qe8 14. Qc1 h6 15. Ne5
Kh7 16. f3 Nef6 17. b3 Bd6 18. f4 g4 19. Nc2 h5 20. Ne1 Rh8 21. N1d3 Kg7 22.
Bf2 Rh6 23. Qe3 Nf8 24. Rb1 Ng6 25. Nxg6 Qxg6 26. c5 Bc7 27. b4 axb4 28. Rxb4
Rh7 29. Ne5 Qe8 30. Ra1 Ba5 31. Rb3 Qd8 32. Qc1 Ra7 33. Be1 Rh8 34. Bxa5 Qxa5
35. Qc3 Qxc3 36. Rxc3 Ra5 37. Rb3 Rh7 38. Rb4 Kf8 39. h4 Ke8 40. e3 Kd8 41. Nd3
Kc7 42. Nc1 Rh8 43. Nb3 Ra7 44. Kf1 Bd7 45. Ke1 Rha8 46. Kd2 Be8 47. Kc3 Bd7
48. a5 Be8 49. Rb6 Bd7 50. Kb4 Be8 51. Rg1 Nd7 52. Bf1 Bf7 53. Bd3 Be8 54. Ra1
Bf7 55. Kc3 Be8 56. Rb4 Nb8 57. Rba4 Bd7 58. Nc1 Be8 59. Bc2 Bd7 60. R4a3 Be8
61. Bd3 Bd7 62. Ne2 Be8 63. Kb4 Na6+ 64. Kb3 Nb8 65. Nc3 Bd7 66. Kb2 Kd8 67.
Nd1 Kc7 68. Nf2 Be8 69. Bc2 Bd7 70. Nd3 Be8 71. Bd1 Kc8 72. Be2 Kc7 73. Nb4 Bd7
74. Kc2 Be8 75. Nd3 Bd7 76. Nc1 Be8 77. Nb3 Bd7 78. Ra4 Be8 79. Rb4 Bf7 80. Rb6
Nd7 81. Bd3 Be8 82. Kc3 Bf7 83. Rb1 Rb8 84. Rb4 Be8 85. Kd2 Bf7 86. Ke1 Be8 87.
Kf1 Bf7 88. Kf2 Be8 89. Kg2 Bf7 90. a6 bxa6 91. Rxb8 Nxb8 92. Na5 Be8 93. Rb6
Bd7 94. Bc2 Be8 95. Ba4 Bd7 96. Kf2 Be8 97. Ke1 Bd7 98. Kd2 Be8 99. Kc3 Bd7
100. Kb4 Be8 101. Bc2 Bd7 102. Ba4 Be8 103. Bc2 Bd7 104. Ba4 Be8 1/2-1/2

[Event "Sinquefield Cup 2019"]
[Site "Saint Louis USA"]
[Date "2019.08.19"]
[Round "3"]
[White "Nepomniachtchi, Ian"]
[Black "Mamedyarov, Shakhriyar"]
[Result "1/2-1/2"]
[WhiteElo "2774"]
[BlackElo "2764"]
[PlyCount "105"]
[EventDate "2019.08.17"]

1. e4 e5 2. Nf3 Nc6 3. Bb5 a6 4. Ba4 Nf6 5. O-O Bc5 6. c3 b5 7. Bb3 d6 8. a4
Bb7 9. d4 Bb6 10. Bg5 h6 11. Bxf6 Qxf6 12. Bd5 O-O 13. dxe5 dxe5 14. Qe2 bxa4
15. Nbd2 Rad8 16. Nc4 Bc8 17. Rxa4 Ne7 18. Nxb6 cxb6 19. c4 a5 20. Qe3 Ba6 21.
Rc1 Rc8 22. Raa1 Qd6 23. h3 Nxd5 24. cxd5 f5 25. Rxc8 Bxc8 26. Rd1 fxe4 27.
Qxe4 Re8 28. Nd2 b5 29. Qd3 Qb4 30. Ne4 Kh8 31. d6 Bf5 32. f3 Rd8 33. Qc2 Rxd6
34. Rxd6 Qxd6 35. Nxd6 Bxc2 36. Nxb5 Kg8 37. Nd6 Bd3 38. Kf2 Kf8 39. Nb7 a4 40.
Ke3 Bf1 41. Nc5 Bxg2 42. h4 g5 43. hxg5 hxg5 44. Nxa4 Bh3 45. Nc5 Bc8 46. b4 g4
47. fxg4 Bxg4 48. Ke4 Ke7 49. Kxe5 Be2 50. Ne4 Kd7 51. Nc3 Bf1 52. b5 Bxb5 53.
Nxb5 1/2-1/2

[Event "72nd ch-RUS 2019"]
[Site "Izhevsk RUS"]
[Date "2019.08.20"]
[Round "9"]
[White "Sarana, Alexey"]
[Black "Inarkiev, Ernesto"]
[Result "0-1"]
[WhiteElo "2655"]
[BlackElo "2682"]
[PlyCount "144"]
[EventDate "2019.08.10"]

1. d4 Nf6 2. c4 e6 3. Nf3 d5 4. Nc3 dxc4 5. e4 Bb4 6. Bg5 h6 7. Bxf6 Qxf6 8.
Bxc4 c5 9. O-O cxd4 10. e5 Qd8 11. Ne4 Nc6 12. Bb5 Bd7 13. Bxc6 Bxc6 14. Nxd4
Qd5 15. Nxc6 Qxe4 16. Qa4 bxc6 17. Rfe1 Qc4 18. a3 O-O 19. Qxb4 Qxb4 20. axb4
Rfd8 21. Rec1 Rd4 22. Rxc6 Rxb4 23. Rca6 Rxb2 24. g3 Rd8 25. Rxa7 Rdd2 26. Rf1
g5 27. h3 Re2 28. Ra5 Kg7 29. Kg2 Rb3 30. Rfa1 Rbb2 31. Rf1 h5 32. Kf3 Kg6 33.
Rc5 Kh6 34. Ra5 Kg7 35. Rc5 Kg6 36. Ra5 Rec2 37. Ra3 Rc4 38. Re3 Kf5 39. Kg2 g4
40. hxg4+ hxg4 41. Rh1 Rcc2 42. Rf1 Rd2 43. Kg1 Re2 44. Rxe2 Rxe2 45. Ra1 Rxe5
46. Ra4 Kg5 47. Kg2 Re2 48. Rf4 f5 49. Ra4 Kf6 50. Ra5 Rd2 51. Rb5 Rd6 52. Ra5
e5 53. Ra8 Ke6 54. Rf8 Rd4 55. Kg1 Rd1+ 56. Kg2 Rd3 57. Kf1 Rf3 58. Kg2 Kd5 59.
Rf7 Ke4 60. Rf8 Rd3 61. Re8 Rd5 62. Rf8 Rd6 63. Rf7 Rd5 64. Rf8 f4 65. gxf4
exf4 66. f3+ gxf3+ 67. Kf2 Rd2+ 68. Ke1 f2+ 69. Kf1 Kf3 70. Rd8 Re2 71. Rd3+
Re3 72. Rc3 Kg3 0-1

[Event "72nd ch-RUS 2019"]
[Site "Izhevsk RUS"]
[Date "2019.08.20"]
[Round "9"]
[White "Dreev, Aleksey"]
[Black "Alekseenko, Kirill"]
[Result "1/2-1/2"]
[WhiteElo "2662"]
[BlackElo "2668"]
[PlyCount "90"]
[EventDate "2019.08.10"]

1. d4 Nf6 2. c4 e6 3. Nc3 Bb4 4. Qc2 O-O 5. a3 Bxc3+ 6. Qxc3 d5 7. Nf3 h6 8. e3
b6 9. b4 dxc4 10. Bxc4 Bb7 11. Bb2 a5 12. b5 c6 13. O-O cxb5 14. Bxb5 Qd5 15.
Qd3 Nbd7 16. Rfc1 Rfc8 17. Ne1 Bc6 18. Bc4 Qg5 19. Ba6 Rc7 20. Rxc6 Rxc6 21.
Bb7 Rac8 22. e4 Nf8 23. Bxc6 Rxc6 24. Nf3 Qf4 25. Re1 Rc8 26. h3 Qc7 27. Rc1
Qb7 28. Rxc8 Qxc8 29. d5 exd5 30. exd5 N8d7 31. d6 Qc5 32. g3 Qd5 33. Qxd5 Nxd5
34. Nd4 h5 35. Kg2 Kf8 36. Nb5 N5f6 37. Kf3 Ke8 38. Ke3 Kd8 39. Bd4 Kc8 40. Bb2
Kb7 41. Bxf6 Nxf6 42. Nd4 Kc8 43. Kf4 Kd7 44. Ke5 Ne8 45. Nb5 Kc6 1/2-1/2

[Event "72nd ch-RUS 2019"]
[Site "Izhevsk RUS"]
[Date "2019.08.20"]
[Round "9"]
[White "Vitiugov, Nikita"]
[Black "Jakovenko, Dmitry"]
[Result "1/2-1/2"]
[WhiteElo "2728"]
[BlackElo "2704"]
[PlyCount "140"]
[EventDate "2019.08.10"]

1. Nf3 Nf6 2. g3 d5 3. Bg2 c6 4. O-O Bg4 5. c4 e6 6. Qb3 Qb6 7. d3 Nbd7 8. Qc2
dxc4 9. Qxc4 Bxf3 10. Bxf3 Ne5 11. Qf4 Nxf3+ 12. Qxf3 Be7 13. Nd2 O-O 14. Nc4
Qc7 15. Bd2 c5 16. Rfc1 Rac8 17. a3 b5 18. Ne3 Qd7 19. Rc2 Nd5 20. Rac1 Rc6 21.
Ng4 f6 22. Ne3 Rfc8 23. Kg2 a6 24. h4 Kf7 25. Ng4 Ke8 26. h5 h6 27. Kg1 Nb6 28.
Ba5 Qd5 29. Qxd5 Nxd5 30. e4 Nb6 31. Kf1 Bd8 32. Ne3 Nd7 33. Bxd8 Kxd8 34. Ke2
R6c7 35. f4 Nb6 36. b3 Kd7 37. Kf3 Kd6 38. a4 Nd7 39. axb5 axb5 40. Ra2 Nb8 41.
f5 Nc6 42. Ra6 Ra7 43. Rxa7 Nxa7 44. fxe6 Kxe6 45. Nf5 Rc7 46. d4 c4 47. d5+
Ke5 48. d6 Rc8 49. d7 Rd8 50. bxc4 bxc4 51. Rd1 Ke6 52. Nxg7+ Kf7 53. Nf5 Nc6
54. Rd6 Ne5+ 55. Ke2 Rxd7 56. Nxh6+ Kg7 57. Nf5+ Kh7 58. Rd5 c3 59. Kd1 Rc7 60.
Kc2 Rc4 61. Rb5 Rxe4 62. Rb7+ Kh8 63. Kxc3 Rc4+ 64. Kd2 Rg4 65. Ke3 Rg5 66. Ke4
Rxh5 67. Rb8+ Kh7 68. Rb7+ Kh8 69. Rb6 Ng4 70. Kf4 Rg5 1/2-1/2

[Event "72nd ch-RUS 2019"]
[Site "Izhevsk RUS"]
[Date "2019.08.20"]
[Round "9"]
[White "Tomashevsky, Evgeny"]
[Black "Predke, Alexandr"]
[Result "1/2-1/2"]
[WhiteElo "2706"]
[BlackElo "2650"]
[PlyCount "67"]
[EventDate "2019.08.10"]

1. d4 Nf6 2. c4 e6 3. Nf3 d5 4. Nc3 Nbd7 5. Bf4 dxc4 6. e3 b5 7. Nxb5 Bb4+ 8.
Nc3 Nd5 9. a3 Nxc3 10. Qd2 Bxa3 11. Qxc3 Bd6 12. Bxd6 cxd6 13. Bxc4 O-O 14. O-O
Bb7 15. Be2 Nf6 16. Rfc1 Qb6 17. Nd2 Ne4 18. Nxe4 Bxe4 19. b4 a6 20. Qa3 Rab8
21. Qa5 Qxb4 22. Qxb4 Rxb4 23. Rxa6 d5 24. h4 Rb2 25. Bf1 h5 26. Rac6 Kh7 27.
f3 Bf5 28. Rc8 Rxc8 29. Rxc8 Rd2 30. Rc7 Kg8 31. Rc8+ Kh7 32. Rc7 Kg8 33. Rc8+
Kh7 34. Rc7 1/2-1/2

[Event "72nd ch-RUS 2019"]
[Site "Izhevsk RUS"]
[Date "2019.08.20"]
[Round "9"]
[White "Fedoseev, Vladimir3"]
[Black "Motylev, Alexander"]
[Result "1/2-1/2"]
[WhiteElo "2671"]
[BlackElo "2668"]
[PlyCount "133"]
[EventDate "2019.08.10"]

1. e4 e5 2. Nf3 Nc6 3. Bb5 Nf6 4. d3 Bc5 5. c3 O-O 6. O-O d6 7. h3 Ne7 8. d4
Bb6 9. Re1 Ng6 10. Nbd2 c6 11. Bf1 Be6 12. b3 exd4 13. cxd4 d5 14. exd5 Bxd5
15. Bb2 Re8 16. Qc2 Qc7 17. Ne5 Ba5 18. Re3 Rad8 19. Ndc4 Bb4 20. a3 Bf8 21. b4
Be6 22. Rae1 Nd5 23. Rg3 Ngf4 24. Rc1 f6 25. Ng4 Kh8 26. Rf3 Bf7 27. Qd2 Ne6
28. Rb3 Qf4 29. Qd1 Qb8 30. Na5 a6 31. Ne3 Nef4 32. Qd2 Nb6 33. Nac4 Na4 34. g3
Nxb2 35. Qxb2 Ne6 36. Rd3 Bg6 37. Rdd1 Bh5 38. Rd3 Bg6 39. Rdd1 Ng5 40. Bg2 Bh5
41. Rd3 Nf3+ 42. Kh1 Bg6 43. Rdd1 Be4 44. Nd2 Nxd2 45. Rxd2 Qc8 46. Kh2 Bxg2
47. Kxg2 Qe6 48. Qc2 Rd7 49. Rcd1 Red8 50. Kh2 g6 51. Rd3 Qe4 52. Qb3 h5 53.
Re1 Qe8 54. Ng2 Qf7 55. Qxf7 Rxf7 56. Nf4 Kh7 57. Ne6 Rdd7 58. Kg2 Bd6 59. f4
Kg8 60. g4 hxg4 61. hxg4 Rh7 62. d5 cxd5 63. Rxd5 Bxb4 64. Rxd7 Bxe1 65. Rd8+
Kf7 66. Rd7+ Kg8 67. Rd8+ 1/2-1/2

[Event "72nd ch-RUS 2019"]
[Site "Izhevsk RUS"]
[Date "2019.08.20"]
[Round "9"]
[White "Matlakov, Maxim"]
[Black "Artemiev, Vladislav"]
[Result "1/2-1/2"]
[WhiteElo "2710"]
[BlackElo "2757"]
[PlyCount "60"]
[EventDate "2019.08.10"]

1. Nf3 d5 2. d4 Nf6 3. c4 c6 4. Nc3 a6 5. c5 Bf5 6. Qb3 Ra7 7. Nh4 Bg6 8. Nxg6
hxg6 9. Bg5 e6 10. e4 Be7 11. e5 Nfd7 12. Bxe7 Qxe7 13. Na4 f6 14. exf6 Qxf6
15. O-O-O Rh4 16. Bd3 Rxd4 17. Bxg6+ Kd8 18. Rxd4 Qxd4 19. Bc2 Qxf2 20. Qh3
Nxc5 21. Nxc5 Qxc5 22. Qh8+ Kc7 23. Qxg7+ Nd7 24. h4 Qe3+ 25. Kb1 Ra8 26. h5
Qe5 27. Qg4 Nf6 28. Qg7+ Nd7 29. Qg4 Nf6 30. Qg7+ Nd7 1/2-1/2

[Event "72nd ch-RUS 2019"]
[Site "Izhevsk RUS"]
[Date "2019.08.21"]
[Round "10"]
[White "Inarkiev, Ernesto"]
[Black "Artemiev, Vladislav"]
[Result "0-1"]
[WhiteElo "2682"]
[BlackElo "2757"]
[PlyCount "104"]
[EventDate "2019.08.10"]

1. e4 c5 2. Nf3 e6 3. d4 cxd4 4. Nxd4 a6 5. Nc3 Qc7 6. Bd3 Nf6 7. f4 b5 8. e5
b4 9. Ne4 Nxe4 10. Bxe4 Bb7 11. Qf3 Nc6 12. Be3 Nxd4 13. Bxd4 Bxe4 14. Qxe4 Rc8
15. O-O-O Be7 16. Kb1 O-O 17. f5 exf5 18. Qxf5 Qc6 19. g4 a5 20. h4 a4 21. g5
Qe6 22. Rhf1 Rc6 23. Rd2 h6 24. Be3 hxg5 25. hxg5 Qxf5 26. Rxf5 Bc5 27. Bf4 Kh7
28. g6+ Rxg6 29. Rh5+ Kg8 30. c3 b3 31. Rd1 Rg1 32. Rxg1 Bxg1 33. axb3 axb3 34.
Kc1 Ra8 35. Rg5 Ra4 36. Kd2 Rxf4 37. Rxg1 Rf2+ 38. Kd3 Rxb2 39. Kc4 Re2 40.
Kxb3 Rxe5 41. Kc4 Kf8 42. Kd4 d6 43. c4 g5 44. Kc3 Ke7 45. Kd4 Ke6 46. Kd3 f6
47. Kd4 Kf5 48. Rf1+ Kg6 49. Kc3 f5 50. Rd1 Re6 51. Kd4 f4 52. Kd5 Kf5 0-1

[Event "72nd ch-RUS 2019"]
[Site "Izhevsk RUS"]
[Date "2019.08.21"]
[Round "10"]
[White "Motylev, Alexander"]
[Black "Matlakov, Maxim"]
[Result "1/2-1/2"]
[WhiteElo "2668"]
[BlackElo "2710"]
[PlyCount "49"]
[EventDate "2019.08.10"]

1. e4 e5 2. Nf3 Nc6 3. Bb5 a6 4. Ba4 Nf6 5. O-O Nxe4 6. d4 b5 7. Bb3 d5 8. dxe5
Be6 9. Be3 Be7 10. c3 O-O 11. Nbd2 Bg4 12. Re1 Nxe5 13. Nxe4 Bxf3 14. Qxd5 Qxd5
15. Bxd5 Rad8 16. Bb7 f5 17. Nc5 Bxb7 18. Nxb7 Rd5 19. Bd4 Nc6 20. Na5 Nxa5 21.
Rxe7 Rf7 22. Re8+ Rf8 23. Re7 Rf7 24. Re8+ Rf8 25. Re7 1/2-1/2

[Event "72nd ch-RUS 2019"]
[Site "Izhevsk RUS"]
[Date "2019.08.21"]
[Round "10"]
[White "Predke, Alexandr"]
[Black "Fedoseev, Vladimir3"]
[Result "1-0"]
[WhiteElo "2650"]
[BlackElo "2671"]
[PlyCount "85"]
[EventDate "2019.08.10"]

1. d4 Nf6 2. c4 g6 3. Nc3 d5 4. cxd5 Nxd5 5. e4 Nxc3 6. bxc3 Bg7 7. Bg5 c5 8.
Rc1 Qa5 9. Qd2 Nd7 10. Nf3 h6 11. Be3 Nb6 12. h3 cxd4 13. cxd4 Qxd2+ 14. Nxd2
Bd7 15. Nb3 f5 16. f3 Rc8 17. Rxc8+ Nxc8 18. Bd3 b6 19. Ke2 fxe4 20. fxe4 e5
21. dxe5 Bxe5 22. Nd4 Nd6 23. Rc1 Kd8 24. Nf3 Bg7 25. Bf4 Ne8 26. Bb8 Be6 27.
Bxa7 Bxa2 28. Bxb6+ Ke7 29. Nh4 Bf7 30. Rc6 Kd7 31. Bb5 Nd6 32. Rc7+ Ke6 33.
Bc6 Be5 34. Nf3 Rb8 35. Bc5 Rb2+ 36. Kd1 Rb1+ 37. Kc2 Rb2+ 38. Kc1 Rxg2 39.
Bd5+ Kf6 40. Bxd6 Bb2+ 41. Kd1 Bxd5 42. exd5 Rf2 43. Nd2 1-0

[Event "72nd ch-RUS 2019"]
[Site "Izhevsk RUS"]
[Date "2019.08.21"]
[Round "10"]
[White "Jakovenko, Dmitry"]
[Black "Tomashevsky, Evgeny"]
[Result "1/2-1/2"]
[WhiteElo "2704"]
[BlackElo "2706"]
[PlyCount "73"]
[EventDate "2019.08.10"]

1. e4 e5 2. Nf3 Nc6 3. Bb5 a6 4. Ba4 Nf6 5. O-O Be7 6. d3 b5 7. Bb3 d6 8. a4
Bd7 9. c3 O-O 10. Bc2 Re8 11. Re1 h6 12. Nbd2 Bf8 13. h3 Rb8 14. Nb3 Ne7 15. d4
Ng6 16. dxe5 dxe5 17. axb5 axb5 18. Be3 Qc8 19. Nh2 c5 20. Qf3 c4 21. Nd2 Bc5
22. b4 cxb3 23. Bxb3 Rb6 24. c4 bxc4 25. Bxc4 Bxe3 26. Qxe3 Rc6 27. Qb3 Be6 28.
Bxe6 Qxe6 29. Qxe6 Rexe6 30. Rec1 Rxc1+ 31. Rxc1 Ra6 32. Nhf3 Ra4 33. Rc8+ Kh7
34. Rc7 Kg8 35. Rc8+ Kh7 36. Rc7 Kg8 37. Rc8+ 1/2-1/2

[Event "72nd ch-RUS 2019"]
[Site "Izhevsk RUS"]
[Date "2019.08.21"]
[Round "10"]
[White "Alekseenko, Kirill"]
[Black "Vitiugov, Nikita"]
[Result "1/2-1/2"]
[WhiteElo "2668"]
[BlackElo "2728"]
[PlyCount "131"]
[EventDate "2019.08.10"]

1. e4 e6 2. d4 d5 3. Nc3 Nf6 4. e5 Nfd7 5. f4 c5 6. Nf3 Nc6 7. Be3 a6 8. Qd2 b5
9. Nd1 Be7 10. Bd3 b4 11. O-O c4 12. Be2 a5 13. a3 bxa3 14. bxa3 a4 15. Nc3 Ra5
16. g4 h5 17. h3 Nf8 18. Qe1 Ng6 19. Qg3 Nh4 20. Nxh4 Bxh4 21. Qg2 hxg4 22.
hxg4 Be7 23. Bf3 Na7 24. Rfb1 Bd7 25. g5 Nb5 26. Nxb5 Rxb5 27. Rxb5 Bxb5 28. g6
f5 29. exf6 Bxf6 30. f5 exf5 31. Rb1 Bc6 32. Bf4 Bxd4+ 33. Kf1 Qh4 34. Qd2 Bc5
35. Rb8+ Kd7 36. Rxh8 Qxh8 37. Bxd5 c3 38. Qd3 Qf8 39. Bf3+ Bd6 40. Bxc6+ Kxc6
41. Qxc3+ Kb7 42. Bxd6 Qxd6 43. Qxg7+ Ka6 44. Ke2 Qe6+ 45. Kd2 Qd6+ 46. Ke2
Qe6+ 47. Kf2 Qb6+ 48. Kf3 Qc6+ 49. Kg3 Qd6+ 50. Kh3 Qxa3+ 51. c3 Qd6 52. Qf7
Qf4 53. Qe6+ Kb7 54. Qe7+ Kc6 55. Qf6+ Kb7 56. Qf7+ Kb6 57. Kg2 Qg4+ 58. Kf2 a3
59. Qe6+ Kb7 60. Qe7+ Kb6 61. g7 a2 62. Qd8+ Kb7 63. Qd5+ Kb6 64. Qb3+ Kc6 65.
Qe6+ Kb7 66. Qd5+ 1/2-1/2

[Event "72nd ch-RUS 2019"]
[Site "Izhevsk RUS"]
[Date "2019.08.21"]
[Round "10"]
[White "Sarana, Alexey"]
[Black "Dreev, Aleksey"]
[Result "1/2-1/2"]
[WhiteElo "2655"]
[BlackElo "2662"]
[PlyCount "130"]
[EventDate "2019.08.10"]

1. e4 c5 2. Nf3 e6 3. d4 cxd4 4. Nxd4 Nf6 5. Nc3 Nc6 6. Ndb5 Bb4 7. Bf4 O-O 8.
Bc7 Qe7 9. Bd6 Bxd6 10. Qxd6 Qd8 11. O-O-O a6 12. Nd4 Ne7 13. h4 b5 14. h5 Ne8
15. Qb4 Bb7 16. h6 g6 17. a4 Nc6 18. Qc5 bxa4 19. Nxa4 Rc8 20. Kb1 Nb8 21. Qa7
Bxe4 22. Nc5 Nd6 23. Ndb3 Bd5 24. Bxa6 Nxa6 25. Qxa6 Nc4 26. Rxd5 exd5 27. Nxd7
Qe7 28. g4 Rfd8 29. Nf6+ Kh8 30. Nxd5 Qd6 31. Qxd6 Rxd6 32. Nc3 Rf6 33. Ne4 Rf4
34. Nbc5 Rxg4 35. b3 Ne5 36. Re1 Rf4 37. c4 Ng4 38. Nd6 Rd8 39. Ncb7 Rf8 40. c5
Nxh6 41. c6 Rb4 42. Kb2 Nf5 43. c7 Nd4 44. Nc5 Rb6 45. c8=Q Rxc8 46. Nxc8 Rc6
47. Re8+ Kg7 48. b4 h5 49. Kc3 Nb5+ 50. Kd3 h4 51. Ke2 Nd4+ 52. Kf1 h3 53. Kg1
g5 54. Re3 Rxc8 55. Rxh3 Rb8 56. Nd3 f5 57. Re3 Kf6 58. Kg2 Nc2 59. Re2 Nxb4
60. Nxb4 Rxb4 61. Ra2 Ke5 62. Ra5+ Kf4 63. Ra3 g4 64. Rc3 Rb5 65. Rc8 Rb4
1/2-1/2

[Event "72nd ch-RUS 2019"]
[Site "Izhevsk RUS"]
[Date "2019.08.22"]
[Round "11"]
[White "Dreev, Aleksey"]
[Black "Inarkiev, Ernesto"]
[Result "0-1"]
[WhiteElo "2662"]
[BlackElo "2682"]
[PlyCount "58"]
[EventDate "2019.08.10"]

1. d4 Nf6 2. c4 e6 3. Nc3 Bb4 4. Qc2 d5 5. cxd5 exd5 6. Bf4 Ne4 7. e3 c5 8.
dxc5 Qa5 9. Nge2 O-O 10. a3 Bf5 11. Qc1 Nxc5 12. axb4 Nd3+ 13. Kd2 Qd8 14. Qb1
Bg6 15. Bxb8 Qxb8 16. f4 Nf2 17. Qe1 Nxh1 18. Nd4 Qd6 19. Bd3 Qxb4 20. Nc2 Qb6
21. Qxh1 d4 22. exd4 Rac8 23. Ra2 Bxd3 24. Kxd3 Qb3 25. Rxa7 b5 26. Rb7 Qxb2
27. Qe1 Qb3 28. Qa1 Rc6 29. d5 Rxc3+ 0-1

[Event "72nd ch-RUS 2019"]
[Site "Izhevsk RUS"]
[Date "2019.08.22"]
[Round "11"]
[White "Vitiugov, Nikita"]
[Black "Sarana, Alexey"]
[Result "1/2-1/2"]
[WhiteElo "2728"]
[BlackElo "2655"]
[PlyCount "118"]
[EventDate "2019.08.10"]

1. c4 Nf6 2. g3 c6 3. Nf3 g6 4. b3 Bg7 5. Bb2 d5 6. Bg2 O-O 7. O-O Nbd7 8. d4
b5 9. c5 Ne4 10. Qc2 Qc7 11. Nc3 f5 12. a4 b4 13. Nxe4 fxe4 14. Ng5 Nf6 15. f3
h6 16. Nh3 Bf5 17. Qd2 a5 18. Nf2 g5 19. Rae1 Qd7 20. Nd1 Rf7 21. Ne3 Bg6 22.
Nd1 Raf8 23. Nf2 Qe6 24. Bc1 Re8 25. Qe3 Bf5 26. Qd2 Nd7 27. Nd1 Bg6 28. Qe3
Rd8 29. Nf2 Nf6 30. Qd2 Bf5 31. Nd1 Nd7 32. Ne3 Bg6 33. Bb2 Kh7 34. Bc1 Qf6 35.
Bb2 Qe6 36. Bc1 Rff8 37. Bb2 h5 38. Nd1 Bh6 39. Bc1 Bf5 40. Ne3 g4 41. Qd1 Bg6
42. Nc2 Bg7 43. Bf4 Rc8 44. Qd2 Rf7 45. Rf2 Kg8 46. fxg4 hxg4 47. Ref1 Nf8 48.
Ne3 Nd7 49. Nc2 Bf6 50. Ne3 Rh7 51. Bh1 Rh5 52. Ng2 Nf8 53. Be3 Qf7 54. Nf4 Rh7
55. Bg2 Ne6 56. h4 Ng7 57. Nxg6 Qxg6 58. Rxf6 exf6 59. Bf4 Nh5 1/2-1/2

[Event "72nd ch-RUS 2019"]
[Site "Izhevsk RUS"]
[Date "2019.08.22"]
[Round "11"]
[White "Tomashevsky, Evgeny"]
[Black "Alekseenko, Kirill"]
[Result "1-0"]
[WhiteElo "2706"]
[BlackElo "2668"]
[PlyCount "151"]
[EventDate "2019.08.10"]

1. d4 Nf6 2. c4 g6 3. Nf3 Bg7 4. g3 c6 5. Bg2 d5 6. O-O O-O 7. Qb3 a5 8. Rd1 a4
9. Qb4 Re8 10. Bf4 Nbd7 11. Na3 e6 12. Qe1 h6 13. Rac1 g5 14. Bd6 Ne4 15. Bb4
f5 16. Nc2 g4 17. Nh4 b6 18. cxd5 cxd5 19. f3 Ng5 20. Ne3 Nf6 21. Ng6 Nf7 22.
fxg4 fxg4 23. Ne5 h5 24. Nxf7 Kxf7 25. Nc4 Bh6 26. Nd6+ Kg6 27. Nxe8 Bxc1 28.
Rxc1 Qxe8 29. e4 Ba6 30. e5 Nd7 31. Rc6 Kh7 32. Bxd5 exd5 33. Qb1+ Kg7 34. Qf5
Bd3 35. Qxd3 Nxe5 36. Rc7+ Nf7 37. Qf5 Qe3+ 38. Kf1 Qf3+ 39. Qxf3 gxf3 40. Kf2
Kg6 41. Be7 a3 42. Rc6+ Kf5 43. Rf6+ Ke4 44. bxa3 Nh8 45. Rxb6 Kxd4 46. Kxf3
Nf7 47. Rb4+ Ke5 48. Rh4 Nd6 49. Bxd6+ Kxd6 50. a4 Kc5 51. Ke3 Rb8 52. Kd3 Rb2
53. Rxh5 Rxa2 54. Rh8 Ra3+ 55. Ke2 Kd4 56. Ra8 Ra2+ 57. Kf3 Rxh2 58. a5 Kc5 59.
a6 Kb6 60. Rd8 Kxa6 61. Rxd5 Kb6 62. g4 Rh8 63. Kf4 Kc6 64. Rd1 Rf8+ 65. Ke5
Rg8 66. Kf5 Rf8+ 67. Ke6 Rg8 68. Rd4 Kc5 69. Ra4 Re8+ 70. Kf7 Rb8 71. g5 Rb7+
72. Kg8 Kd5 73. Rf4 Rb1 74. g6 Ke6 75. g7 Ke7 76. Rh4 1-0

[Event "72nd ch-RUS 2019"]
[Site "Izhevsk RUS"]
[Date "2019.08.22"]
[Round "11"]
[White "Fedoseev, Vladimir3"]
[Black "Jakovenko, Dmitry"]
[Result "1-0"]
[WhiteElo "2671"]
[BlackElo "2704"]
[PlyCount "101"]
[EventDate "2019.08.10"]

1. d4 Nf6 2. c4 e6 3. Nf3 d5 4. Nc3 Be7 5. Bf4 O-O 6. e3 Nbd7 7. Be2 dxc4 8.
Bxc4 a6 9. a4 c5 10. dxc5 Nxc5 11. O-O Qxd1 12. Rfxd1 Rd8 13. Ne5 Ncd7 14. Be2
Nxe5 15. Bxe5 Bd7 16. Bf3 Bc6 17. Bxc6 bxc6 18. Kf1 Nd5 19. e4 Nxc3 20. bxc3 f6
21. Bf4 Kf7 22. Ke2 e5 23. Be3 Rab8 24. Rdb1 Ke6 25. Ba7 Ra8 26. Bb6 Rd7 27.
Be3 Bd8 28. Rb3 Rc8 29. Rab1 c5 30. Rb8 Rc6 31. c4 Ba5 32. Rh8 h6 33. Rbb8 Bc3
34. h4 Bd4 35. Bd2 Rcc7 36. Rb6+ Kf7 37. Be1 f5 38. exf5 e4 39. Rbb8 Kf6 40. g4
Rb7 41. f3 exf3+ 42. Kxf3 Ba1 43. Bf2 Rxb8 44. Rxb8 Rd1 45. Bxc5 Rc1 46. Ke4 g5
47. hxg5+ hxg5 48. Rb4 Rh1 49. Bf2 a5 50. Rb6+ Kf7 51. c5 1-0

[Event "72nd ch-RUS 2019"]
[Site "Izhevsk RUS"]
[Date "2019.08.22"]
[Round "11"]
[White "Matlakov, Maxim"]
[Black "Predke, Alexandr"]
[Result "1-0"]
[WhiteElo "2710"]
[BlackElo "2650"]
[PlyCount "59"]
[EventDate "2019.08.10"]

1. d4 Nf6 2. c4 e6 3. Nc3 Bb4 4. f3 d5 5. a3 Be7 6. e4 dxe4 7. fxe4 c5 8. d5
exd5 9. exd5 O-O 10. Be2 Bd6 11. Nb5 a6 12. Nxd6 Qxd6 13. Nf3 Bg4 14. O-O Nbd7
15. Nh4 Bxe2 16. Qxe2 Rae8 17. Qf3 Re4 18. Bf4 Ne5 19. Qb3 Qd7 20. Bxe5 Rxh4
21. Bxf6 gxf6 22. Rxf6 Qg4 23. Raf1 Qd4+ 24. Kh1 Qxc4 25. Qxb7 Rh6 26. h3 Rg6
27. d6 Rxf6 28. Rxf6 Qc1+ 29. Kh2 Qe3 30. Qd5 1-0

[Event "72nd ch-RUS 2019"]
[Site "Izhevsk RUS"]
[Date "2019.08.22"]
[Round "11"]
[White "Artemiev, Vladislav"]
[Black "Motylev, Alexander"]
[Result "1/2-1/2"]
[WhiteElo "2757"]
[BlackElo "2668"]
[PlyCount "83"]
[EventDate "2019.08.10"]

1. c4 e5 2. g3 Nf6 3. Bg2 Bc5 4. Nc3 c6 5. e3 Bb6 6. d4 exd4 7. exd4 d5 8. cxd5
Nxd5 9. Nxd5 cxd5 10. Ne2 O-O 11. Nc3 Nc6 12. Be3 Ba5 13. Qb3 Be6 14. O-O Bxc3
15. Qxc3 Rc8 16. Rfc1 Qd7 17. Qd2 Bh3 18. Bh1 b6 19. Rc3 Na5 20. b3 Rxc3 21.
Qxc3 Rc8 22. Qd2 h6 23. Rc1 Rxc1+ 24. Qxc1 Nc6 25. Qc3 a5 26. Bg2 Bxg2 27. Kxg2
Nb4 28. a3 Qc6 29. Qxc6 Nxc6 30. a4 g5 31. g4 f6 32. Kg3 Kf7 33. f4 Kg6 34.
fxg5 hxg5 35. h4 gxh4+ 36. Kxh4 Nd8 37. Kg3 Ne6 38. Kf3 f5 39. Kg3 Kf6 40. gxf5
Kxf5 41. Kf3 Ng5+ 42. Bxg5 1/2-1/2

[Event "Chinese League (Division A) 2019"]
[Site "China"]
[Date "2019.08.20"]
[Round "12"]
[White "Liu, Qingnan"]
[Black "Andreikin, Dmitry"]
[Result "1/2-1/2"]
[WhiteElo "2533"]
[BlackElo "2743"]
[PlyCount "61"]
[EventDate "2019.04.09"]
[WhiteTeam "Shandong Jingzhi team"]
[BlackTeam "Chongqing Sports lottery chess team"]

1. e4 e5 2. Nf3 Nc6 3. Nc3 Nf6 4. d4 exd4 5. Nxd4 Bb4 6. Nxc6 bxc6 7. Bd3 O-O
8. O-O d5 9. exd5 cxd5 10. Bg5 c6 11. Qf3 Rb8 12. Ne2 Bg4 13. Bxf6 Bxf3 14.
Bxd8 Bxe2 15. Bxe2 Rfxd8 16. a3 Be7 17. b4 c5 18. bxc5 Bxc5 19. a4 a5 20. Rab1
Bb4 21. Bd3 Rbc8 22. g3 Rc3 23. Rb3 Rxb3 24. cxb3 Re8 25. Rc1 Re1+ 26. Rxe1
Bxe1 27. Kf1 Bc3 28. Ke2 g5 29. Kf3 Kg7 30. Kg4 h6 31. Kf5 1/2-1/2